S.U.M.O. : (Shut up, move on)
Enregistré dans:
| Auteur principal: | |
|---|---|
| Format: | Livre |
| Langue: | Undetermined |
| Publié: |
Capstone Publishing Limited
Chichester (West Sussex)
2006
|
| Sujets: | |
| Tags: |
Ajouter un tag
Pas de tags, Soyez le premier à ajouter un tag!
|
| Thư viện lưu trữ: | Trung tâm Học liệu Trường Đại học Cần Thơ |
|---|
| LEADER | 00592nam a2200205Ia 4500 | ||
|---|---|---|---|
| 001 | CTU_129419 | ||
| 008 | 210402s9999 xx 000 0 und d | ||
| 020 | |c 149000 | ||
| 082 | |a 613.7 | ||
| 082 | |b G297 | ||
| 100 | |a McGee, Paul | ||
| 245 | 0 | |a S.U.M.O. : | |
| 245 | 0 | |b (Shut up, move on) | |
| 245 | 0 | |c Paul McGee ; Illustrations by Fiona Griffiths | |
| 260 | |a Capstone Publishing Limited | ||
| 260 | |b Chichester (West Sussex) | ||
| 260 | |c 2006 | ||
| 650 | |a Health education,Giáo dục sức khỏe | ||
| 904 | |i Giang | ||
| 980 | |a Trung tâm Học liệu Trường Đại học Cần Thơ | ||